000 00431cam a2200181ua 4500
020 _c65.00
041 _aeng
_h
082 _a511.8
_bKAP/MA
100 _aKapur, J.N .
245 _aMathematical modelling /
_cJ.N Kapur.
_hTextual Documents
260 _aNew Delhi :
_bWiley Eastern Ltd ,
_c1988.
300 _a259 ; .
365 _a65.00
504 _a
942 _cBK
999 _c9166
_d9166